[Event "UBC Team event"]
[Site "Vancouver CAN"]
[Date "2005.01.16"]
[Round "2.1"]
[White "Yoos, John"]
[Black "Paleveda, Nick"]
[Result "1/2-1/2"]
[WhiteElo "2390"]
[BlackElo "2130"]
[PlyCount "90"]
[GameId "2160767911031591"]
[EventDate "2005.01.15"]
[EventType "team"]
[EventRounds "4"]
[EventCountry "CAN"]

1. e4 c5 2. Nf3 d6 3. d4 Nf6 4. Nc3 cxd4 5. Nxd4 g6 6. Be3 Bg7 7. f3 O-O 8. Qd2 Nc6 9. Bc4 Bd7 10. O-O-O Rb8 11. h4 b5 12. Nxc6 Bxc6 13. Bb3 a5 14. h5 a4 15. Bd5 b4 16. Ne2 Bxd5 17. exd5 b3 18. cxb3 axb3 19. a3 Qc8+ 20. Kb1 Nxd5 21. Bd4 Qf5+ 22. Qd3 Qxd3+ 23. Rxd3 Bxd4 24. Nxd4 Nf4 25. Rxb3 e5 26. Rxb8 Rxb8 27. Nc6 Rb6 28. Ne7+ Kf8 29. hxg6 hxg6 30. Nc8 Ra6 31. Rd1 Nxg2 32. Nxd6 Nh4 33. Rd3 Nxf3 34. b4 Nd4 35. Nc4 f6 36. Kb2 Ke7 37. Rh3 Ke6 38. Rh8 g5 39. Ne3 Ra7 40. Re8+ Kf7 41. Rh8 Kg7 42. Rb8 Nc6 43. Rb6 Ne7 44. b5 f5 45. Re6 Rb7 1/2-1/2

[Event "UBC Team event"]
[Site "Vancouver CAN"]
[Date "2005.01.15"]
[Round "2.2"]
[White "Johnson, Tyler"]
[Black "Goutor, Valentina"]
[Result "1-0"]
[WhiteElo "2068"]
[BlackElo "2082"]
[PlyCount "125"]
[GameId "2160767911031592"]
[EventDate "2005.01.15"]
[EventType "team"]
[EventRounds "4"]
[EventCountry "CAN"]

1. g3 g6 2. Bg2 Bg7 3. d3 d6 4. Nc3 c5 5. Bd2 Nc6 6. Nh3 e6 7. O-O Nge7 8. Qc1 Nf5 9. e4 Nfd4 10. Kh1 O-O 11. Bh6 Rb8 12. Nd1 e5 13. Bxg7 Kxg7 14. c3 Ne6 15. f4 f5 16. Ne3 Nc7 17. Qd2 fxe4 18. dxe4 Bxh3 19. Bxh3 exf4 20. gxf4 Qh4 21. Qg2 Kh8 22. Qg3 Qxg3 23. hxg3 Ne7 24. Rad1 Rfd8 25. Rd2 b5 26. Rfd1 Ne8 27. e5 Nc8 28. Kg2 Kg7 29. f5 gxf5 30. Nxf5+ Kf8 31. Rf2 Kg8 32. Nh6+ Kg7 33. Nf7 Nb6 34. Nxd8 Rxd8 35. e6 Nf6 36. e7 Re8 37. Rxd6 Ne4 38. Rd8 Rxe7 39. Re2 Kf7 40. Bf5 Nf6 41. Rxe7+ Kxe7 42. Rb8 Kd6 43. Rb7 Nc4 44. Bd3 Kc6 45. Rxa7 Nxb2 46. Ra6+ Kd5 47. Bxb5 Ng4 48. Kf3 Ne5+ 49. Ke2 c4 50. Rh6 Nbd3 51. a4 Nc5 52. Rh4 Ne4 53. Rxe4 Kxe4 54. a5 Kd5 55. a6 Nc6 56. Bxc6+ Kxc6 57. Ke3 Kb6 58. Kd4 Kxa6 59. Kxc4 Kb6 60. Kd5 Kc7 61. g4 Kd7 62. g5 Kc7 63. Ke6 1-0

[Event "UBC Team event"]
[Site "Vancouver CAN"]
[Date "2005.01.15"]
[Round "2.2"]
[White "Sladek, Vaclav"]
[Black "Tang, Tiffany"]
[Result "1-0"]
[WhiteElo "1997"]
[BlackElo "1674"]
[PlyCount "85"]
[GameId "2160767911031593"]
[EventDate "2005.01.15"]
[EventType "team"]
[EventRounds "4"]
[EventCountry "CAN"]

1. d4 Nf6 2. Bg5 g6 3. Bxf6 exf6 4. e3 d5 5. c4 Be6 6. c5 Qd7 7. Bd3 Bg7 8. Nc3 O-O 9. Nf3 Nc6 10. a3 f5 11. O-O f4 12. Bb5 fxe3 13. fxe3 a6 14. Ba4 b5 15. cxb6 cxb6 16. Rc1 Qb7 17. Re1 Rac8 18. Kh1 b5 19. Bc2 Na5 20. Bd3 Nc4 21. Bxc4 bxc4 22. Na4 Bf5 23. Qd2 Rb8 24. Re2 Bd3 25. Rf2 Bh6 26. Re1 Bg7 27. Nc5 Qc6 28. Nxd3 cxd3 29. Qxd3 Qa4 30. h4 Rb3 31. Qc2 Qb5 32. Ree2 Rb8 33. Qc7 Rxb2 34. Rxb2 Qxb2 35. Rxb2 Rxb2 36. Ng5 Rb1+ 37. Kh2 Rf1 38. Qd8+ Bf8 39. Qxd5 Rf5 40. Qd8 Kg7 41. Nf3 h6 42. a4 a5 43. Kg3 1-0

[Event "UBC Team event"]
[Site "Vancouver CAN"]
[Date "2005.01.15"]
[Round "2.2"]
[White "Yoos, John"]
[Black "Paleveda, Nick"]
[Result "1-0"]
[WhiteElo "2390"]
[BlackElo "2130"]
[PlyCount "97"]
[GameId "2160767911031594"]
[EventDate "2005.01.15"]
[EventType "team"]
[EventRounds "4"]
[EventCountry "CAN"]

1. e4 c5 2. Nf3 d6 3. d4 cxd4 4. Nxd4 Nf6 5. Nc3 a6 6. Bg5 e6 7. f4 Be7 8. Qf3 Qc7 9. O-O-O Nbd7 10. Qg3 b5 11. Bxf6 gxf6 12. a3 Bb7 13. Be2 O-O-O 14. Bh5 Rdf8 15. Qh3 Nc5 16. Rhe1 Kb8 17. Kb1 Qb6 18. b4 Na4 19. Nxa4 bxa4 20. Qd3 a5 21. c3 axb4 22. axb4 d5 23. exd5 Bxd5 24. Qb5 Qxb5 25. Nxb5 Rhg8 26. g3 Bc6 27. Nd4 Bd5 28. Kb2 Rg7 29. Nf5 exf5 30. Rxd5 Bd8 31. Ra1 Bc7 32. Rxa4 Rd8 33. Rb5+ Kc8 34. Ra8+ Kd7 35. Rd5+ Ke7 36. Rdxd8 Bxd8 37. c4 Rg8 38. c5 Re8 39. Bf3 Bc7 40. Rxe8+ Kxe8 41. Kb3 Kd7 42. Bd5 h5 43. h4 Ke7 44. Ka4 Bb8 45. Kb5 Ba7 46. Kc6 Bb8 47. Kb7 Bd6 48. cxd6+ Kxd6 49. Bxf7 1-0

[Event "UBC Team event"]
[Site "Vancouver CAN"]
[Date "2005.01.15"]
[Round "2.4"]
[White "Jiang, Louie"]
[Black "Heppenstall, Lara"]
[Result "1-0"]
[WhiteElo "1721"]
[BlackElo "1538"]
[PlyCount "69"]
[GameId "2160767911031595"]
[EventDate "2005.01.15"]
[EventType "team"]
[EventRounds "4"]
[EventCountry "CAN"]

1. e4 g6 2. d4 d6 3. c4 Bg7 4. Nc3 Nc6 5. Be3 e5 6. d5 Nd4 7. Nge2 Nxe2 8. Bxe2 Nh6 9. O-O O-O 10. b4 f5 11. f3 Nf7 12. Rc1 Qe7 13. c5 a6 14. a4 Bd7 15. Qc2 Rfc8 16. Qb3 Kh8 17. Nb1 c6 18. Bc4 Rf8 19. Rcd1 Rad8 20. Nc3 b5 21. cxb6 cxd5 22. Nxd5 Qe8 23. b5 axb5 24. Bxb5 Bxb5 25. Qxb5 Qe6 26. a5 f4 27. Bf2 g5 28. b7 g4 29. Bb6 Rb8 30. a6 Nd8 31. Bxd8 Rfxd8 32. a7 gxf3 33. Rxf3 Qf7 34. axb8=Q Rxb8 35. Rc1 1-0

[Event "UBC Team event"]
[Site "Vancouver CAN"]
[Date "2005.01.16"]
[Round "3.1"]
[White "Yoos, John"]
[Black "Harper, Bruce"]
[Result "1/2-1/2"]
[WhiteElo "2390"]
[BlackElo "2330"]
[PlyCount "72"]
[GameId "2160767911031597"]
[EventDate "2005.01.15"]
[EventType "team"]
[EventRounds "4"]
[EventCountry "CAN"]

1. e4 e6 2. d4 d5 3. e5 c5 4. c3 Nc6 5. Nf3 Qb6 6. a3 Nh6 7. b4 cxd4 8. cxd4 Nf5 9. Bb2 Bd7 10. g4 Nh6 11. Rg1 f6 12. exf6 gxf6 13. h4 Nf7 14. Nc3 a5 15. Na4 Qd8 16. b5 Ne7 17. Nc5 b6 18. Nxd7 Qxd7 19. Rc1 Rc8 20. Bd3 h6 21. Rxc8+ Nxc8 22. Qe2 Kd8 23. Kd1 Bg7 24. g5 hxg5 25. hxg5 Nxg5 26. Nxg5 fxg5 27. Rxg5 Rh1+ 28. Kc2 Rh2 29. Qf3 Qe7 30. Rg4 Rh4 31. Bc1 Rxg4 32. Qxg4 Qf7 33. Kb1 Kd7 34. Be3 Nd6 35. Qg3 Qf6 36. a4 Qf8 1/2-1/2

[Event "UBC Team event"]
[Site "Vancouver CAN"]
[Date "2005.01.16"]
[Round "4.1"]
[White "Harper, Bruce"]
[Black "Pechisker, Alfred"]
[Result "1/2-1/2"]
[WhiteElo "2330"]
[BlackElo "2192"]
[PlyCount "26"]
[GameId "2160767911031598"]
[EventDate "2005.01.15"]
[EventType "team"]
[EventRounds "4"]
[EventCountry "CAN"]

1. d4 Nf6 2. Nf3 g6 3. Nc3 Bg7 4. e4 d6 5. Be3 O-O 6. Qd2 Nbd7 7. Bh6 e5 8. Bxg7 Kxg7 9. O-O-O Qe7 10. Bd3 c6 11. Rhe1 a5 12. Ne2 Nb6 13. h3 h6 1/2-1/2

[Event "UBC Team event"]
[Site "Vancouver CAN"]
[Date "2005.01.16"]
[Round "4.1"]
[White "Johnson, Tyler"]
[Black "Molden, Leonard"]
[Result "1/2-1/2"]
[WhiteElo "2068"]
[BlackElo "2037"]
[PlyCount "80"]
[GameId "2160767911031599"]
[EventDate "2005.01.15"]
[EventType "team"]
[EventRounds "4"]
[EventCountry "CAN"]

1. g3 d5 2. d3 Nf6 3. Bg2 c6 4. Nc3 Bg4 5. Bd2 Nbd7 6. Qb1 a5 7. b4 axb4 8. Qxb4 Rb8 9. a4 e5 10. Qb2 Bd6 11. e4 d4 12. Nce2 c5 13. f3 Be6 14. f4 exf4 15. gxf4 Ng4 16. Nf3 f6 17. c3 dxc3 18. Nxc3 O-O 19. h3 Nh6 20. O-O Kh8 21. Kh1 Qe8 22. Nb5 Qe7 23. e5 fxe5 24. fxe5 Rxf3 25. Rxf3 Bxe5 26. Bc3 Bd5 27. Bxe5 Nxe5 28. Re3 Qg5 29. Rxe5 Bxg2+ 30. Kh2 Qf4+ 31. Kxg2 Rf8 32. Re4 Qf3+ 33. Kh2 Nf5 34. Qg2 Qxd3 35. Rf1 g6 36. Nc7 Qd7 37. Qb2+ Kg8 38. Qb3+ Kh8 39. Qc3+ Kg8 40. Qc4+ Kh8 1/2-1/2

[Event "UBC Team event"]
[Site "Vancouver CAN"]
[Date "2005.01.16"]
[Round "4.1"]
[White "Perez, Juan"]
[Black "Sladek, Vaclav"]
[Result "1/2-1/2"]
[WhiteElo "1710"]
[BlackElo "1997"]
[PlyCount "139"]
[GameId "2160767911031600"]
[EventDate "2005.01.15"]
[EventType "team"]
[EventRounds "4"]
[EventCountry "CAN"]

1. d4 Nf6 2. Nf3 e6 3. e3 d5 4. c4 Be7 5. Nc3 O-O 6. Bd3 dxc4 7. Bxc4 c5 8. O-O cxd4 9. exd4 Nbd7 10. Bd2 Nb6 11. Bd3 Nbd5 12. a3 Bd7 13. Rc1 Rc8 14. Ne5 Bc6 15. Nxc6 Rxc6 16. Nxd5 Qxd5 17. Rxc6 Qxc6 18. Qc2 Qxc2 19. Bxc2 Rc8 20. Rc1 Kf8 21. Bb3 Rxc1+ 22. Bxc1 Ke8 23. Kf1 a6 24. f3 Kd7 25. Ke2 Kc6 26. Kd3 Nd5 27. Bd2 f5 28. g4 g6 29. h3 Bd6 30. Bh6 b5 31. Bg5 Bf8 32. Bd2 Bg7 33. Ba2 Bf8 34. Bb3 Bg7 35. Ba2 Kd6 36. Bb3 e5 37. Bc3 Nf4+ 38. Ke3 exd4+ 39. Bxd4 Bxd4+ 40. Kxd4 Nxh3 41. gxf5 gxf5 42. Bg8 Ng5 43. f4 Ne6+ 44. Ke3 h6 45. Bh7 Ng7 46. Bg6 Ke6 47. Bh7 Kf6 48. Bg8 Ne6 49. Bh7 h5 50. Kf3 Nd4+ 51. Ke3 Kg7 52. Kxd4 Kxh7 53. Ke3 Kg6 54. Kf3 a5 55. b3 b4 56. a4 h4 57. Kg2 Kh6 58. Kh2 Kg6 59. Kg2 Kh6 60. Kh2 Kg6 61. Kg2 Kh5 62. Kh3 Kg6 63. Kg2 Kh6 64. Kh2 Kh5 65. Kh3 Kg6 66. Kg2 Kh6 67. Kh2 Kg6 68. Kg2 Kh5 69. Kh3 Kg6 70. Kg2 1/2-1/2

[Event "UBC Team event"]
[Site "Vancouver CAN"]
[Date "2005.01.16"]
[Round "4.2"]
[White "Pechisker, Alfred"]
[Black "Harper, Bruce"]
[Result "1/2-1/2"]
[WhiteElo "2192"]
[BlackElo "2330"]
[PlyCount "62"]
[GameId "2160767911031601"]
[EventDate "2005.01.15"]
[EventType "team"]
[EventRounds "4"]
[EventCountry "CAN"]

1. d4 Nf6 2. c4 e6 3. Nc3 Bb4 4. Qc2 Nc6 5. Nf3 d6 6. Bd2 O-O 7. e4 e5 8. d5 Nd4 9. Qd3 Bxc3 10. Bxc3 Nxe4 11. Bxd4 exd4 12. Be2 Re8 13. Qxd4 Nc5 14. b4 Nd7 15. Kd2 a5 16. a3 Ne5 17. Rhe1 Bf5 18. b5 Nd7 19. Bd3 Bxd3 20. Kxd3 Nc5+ 21. Kc2 Qd7 22. Qf4 Rxe1 23. Rxe1 Re8 24. Rxe8+ Qxe8 25. Qe3 Qxe3 26. fxe3 Kf8 27. Nd4 g6 28. Nb3 Nxb3 29. Kxb3 b6 30. Kc3 Ke7 31. Kd4 f6 1/2-1/2

[Event "University of Alberta op"]
[Site "Edmonton CAN"]
[Date "2005.05.07"]
[Round "1"]
[White "Fokkema, Jerred"]
[Black "Bertrand, Daryl"]
[Result "1-0"]
[WhiteElo "1739"]
[BlackElo "2010"]
[PlyCount "111"]
[GameId "2160767910968483"]
[EventDate "2005.05.07"]
[EventType "swiss"]
[EventRounds "5"]
[EventCountry "CAN"]
[SourceTitle "CBM 106 Extra"]
[Source "ChessBase"]
[SourceDate "2005.07.01"]
[SourceVersion "1"]
[SourceVersionDate "2005.07.01"]
[SourceQuality "1"]

1. e4 g6 2. d4 Bg7 3. c4 Nc6 4. Nf3 d6 5. Be2 e5 6. d5 Nce7 7. Nc3 f5 8. Bg5 Nf6 9. Bxf6 Bxf6 10. Qd2 c6 11. Rd1 c5 12. exf5 Bxf5 13. Bd3 O-O 14. Bxf5 gxf5 15. Ng5 Bxg5 16. Qxg5+ Ng6 17. Qxd8 Raxd8 18. O-O e4 19. b3 Rd7 20. Rfe1 Ne5 21. Re2 a6 22. h3 Rg7 23. Kh2 Rf6 24. Re3 f4 25. Rxe4 Rfg6 26. Kg1 Rxg2+ 27. Kf1 f3 28. Ke1 Rh2 29. Rxe5 Rg1+ 30. Kd2 Rxf2+ 31. Ke3 Rgg2 32. Rg5+ Kf7 33. Rxg2 Rxg2 34. Kxf3 Rc2 35. Rd3 Ke7 36. Re3+ Kd7 37. a4 Rc1 38. Ne4 Rf1+ 39. Kg4 Kc7 40. Kh5 b5 41. axb5 axb5 42. Kh6 bxc4 43. bxc4 Rc1 44. Rc3 Re1 45. Ng5 Kb6 46. Rb3+ Ka5 47. Nf7 Rf1 48. Kg7 h5 49. Nxd6 Rg1+ 50. Kh6 h4 51. Kh5 Rg3 52. Rb5+ Ka6 53. Kxh4 Rc3 54. Rxc5 Kb6 55. Rc6+ Ka7 56. Nb5+ 1-0

[Event "University of Alberta op"]
[Site "Edmonton CAN"]
[Date "2005.05.07"]
[Round "1"]
[White "MacKinnon, Don"]
[Black "O'Brien, Sandy"]
[Result "0-1"]
[WhiteElo "1276"]
[BlackElo "1559"]
[PlyCount "68"]
[GameId "2160767910968485"]
[EventDate "2005.05.07"]
[EventType "swiss"]
[EventRounds "5"]
[EventCountry "CAN"]
[SourceTitle "CBM 106 Extra"]
[Source "ChessBase"]
[SourceDate "2005.07.01"]
[SourceVersion "1"]
[SourceVersionDate "2005.07.01"]
[SourceQuality "1"]

1. d4 Nf6 2. c4 e6 3. Nf3 d5 4. Nc3 Bb4 5. Bd2 Bxc3 6. Bxc3 O-O 7. e3 Nbd7 8. Bd3 c6 9. O-O Qc7 10. c5 Re8 11. b4 b5 12. Re1 Nf8 13. a3 Ne4 14. Qc2 Nxc3 15. Qxc3 Bb7 16. Qc2 a5 17. Ng5 g6 18. Qb2 axb4 19. axb4 Nd7 20. Nf3 Rac8 21. Ne5 Nxe5 22. dxe5 Ra8 23. f4 Qd7 24. Rf1 Red8 25. Rad1 d4 26. e4 Ra4 27. Rf3 Rda8 28. Rff1 f5 29. Rfe1 Ra2 30. Qc1 R8a4 31. Re2 Rxe2 32. Bxe2 Rxb4 33. Rd3 fxe4 34. Qd2 Rb1+ 0-1

[Event "University of Alberta op"]
[Site "Edmonton CAN"]
[Date "2005.05.07"]
[Round "1"]
[White "Miller, Chris"]
[Black "Reichert, Wayne"]
[Result "1-0"]
[WhiteElo "1493"]
[BlackElo "1271"]
[PlyCount "73"]
[GameId "2160767910968486"]
[EventDate "2005.05.07"]
[EventType "swiss"]
[EventRounds "5"]
[EventCountry "CAN"]
[SourceTitle "CBM 106 Extra"]
[Source "ChessBase"]
[SourceDate "2005.07.01"]
[SourceVersion "1"]
[SourceVersionDate "2005.07.01"]
[SourceQuality "1"]

1. e4 c5 2. Nf3 d6 3. d4 cxd4 4. Nxd4 Nf6 5. Nc3 e6 6. Bc4 a6 7. a4 Bd7 8. Be3 Be7 9. Qe2 Nc6 10. f4 O-O 11. O-O-O e5 12. fxe5 Nxe5 13. Ba2 Qc7 14. Nd5 Nxd5 15. Bxd5 Bg4 16. Nf3 Kh8 17. h3 Bh5 18. g4 Bg6 19. Nxe5 dxe5 20. h4 h6 21. h5 Bh7 22. Rhf1 f6 23. Qc4 Qxc4 24. Bxc4 Bxe4 25. Rd7 Rae8 26. Rfd1 Bc6 27. R7d2 Bxa4 28. Bd5 Bc6 29. Bxc6 bxc6 30. Rd7 Rf7 31. Ra7 c5 32. Bxc5 Kg8 33. Bxe7 Rexe7 34. Rxa6 Rb7 35. Rd8+ Kh7 36. Raa8 g5 37. Rh8+ 1-0

[Event "University of Alberta op"]
[Site "Edmonton CAN"]
[Date "2005.05.07"]
[Round "1"]
[White "Procyshyn, Jeff"]
[Black "Palcic, Branko"]
[Result "1-0"]
[WhiteElo "1257"]
[BlackElo "1406"]
[PlyCount "63"]
[GameId "2160767910968487"]
[EventDate "2005.05.07"]
[EventType "swiss"]
[EventRounds "5"]
[EventCountry "CAN"]
[SourceTitle "CBM 106 Extra"]
[Source "ChessBase"]
[SourceDate "2005.07.01"]
[SourceVersion "1"]
[SourceVersionDate "2005.07.01"]
[SourceQuality "1"]

1. e4 c5 2. f4 d6 3. Bc4 Nc6 4. c3 e6 5. Nf3 Nf6 6. d3 Be7 7. O-O Qc7 8. Nh4 d5 9. Bb3 dxe4 10. dxe4 Nxe4 11. Bc2 Nxc3 12. Nxc3 Bxh4 13. Nb5 Qb6 14. Nd6+ Ke7 15. Be3 Rd8 16. Nxc8+ Raxc8 17. Qh5 Bf6 18. Bxc5+ Qxc5+ 19. Qxc5+ Rd6 20. Rad1 Rcd8 21. Kh1 Bxb2 22. Rxd6 Rxd6 23. Rd1 Bd4 24. Qb5 b6 25. g4 g6 26. g5 Kf8 27. Ba4 a6 28. Qxa6 Nb4 29. Qc8+ Kg7 30. Qc4 Bc5 31. Rxd6 Bxd6 32. Qd4+ 1-0

[Event "University of Alberta op"]
[Site "Edmonton CAN"]
[Date "2005.05.07"]
[Round "1"]
[White "Siwila, Gift"]
[Black "Bullerkist, Caitlin"]
[Result "1-0"]
[WhiteElo "1627"]
[BlackElo "1058"]
[PlyCount "79"]
[GameId "2160767910968488"]
[EventDate "2005.05.07"]
[EventType "swiss"]
[EventRounds "5"]
[EventCountry "CAN"]
[SourceTitle "CBM 106 Extra"]
[Source "ChessBase"]
[SourceDate "2005.07.01"]
[SourceVersion "1"]
[SourceVersionDate "2005.07.01"]
[SourceQuality "1"]

1. e4 e5 2. Nf3 Nc6 3. Bc4 Nf6 4. Ng5 d5 5. exd5 Nxd5 6. Qf3 Be6 7. Nxe6 fxe6 8. O-O Qd7 9. Na3 Bxa3 10. bxa3 O-O-O 11. c3 Rhf8 12. Qg4 Rf4 13. Qe2 Rf5 14. g3 Qe7 15. a4 h5 16. Bd3 e4 17. Bxe4 Rff8 18. a5 Nxa5 19. Qb5 b6 20. a4 c6 21. Qe2 h4 22. Ba3 Qf6 23. Bxf8 Rxf8 24. c4 Nc7 25. Rab1 Rd8 26. d3 Rh8 27. Bg2 hxg3 28. fxg3 Qh6 29. Be4 a6 30. Rf4 e5 31. Rh4 Qf6 32. Rxh8+ Kd7 33. Rf1 Qg5 34. Rf5 Qc1+ 35. Kg2 g6 36. Rxe5 Qa1 37. Bf5+ gxf5 38. Rh7+ Kd6 39. Rxa5 bxa5 40. Qe7# 1-0

[Event "University of Alberta op"]
[Site "Edmonton CAN"]
[Date "2005.05.07"]
[Round "1"]
[White "Tot, Nandor"]
[Black "MacKinnon, Keith"]
[Result "1-0"]
[WhiteElo "1921"]
[BlackElo "1591"]
[PlyCount "91"]
[GameId "2160767910968489"]
[EventDate "2005.05.07"]
[EventType "swiss"]
[EventRounds "5"]
[EventCountry "CAN"]
[SourceTitle "CBM 106 Extra"]
[Source "ChessBase"]
[SourceDate "2005.07.01"]
[SourceVersion "1"]
[SourceVersionDate "2005.07.01"]
[SourceQuality "1"]

1. d4 Nf6 2. c4 g6 3. Nc3 Bg7 4. e4 d6 5. f3 O-O 6. Be3 c5 7. d5 e6 8. Qd2 exd5 9. cxd5 a6 10. a4 Re8 11. Nge2 Nbd7 12. Nf4 Ne5 13. h4 Qc7 14. Be2 h5 15. Nh3 Rb8 16. Bh6 Bh8 17. Qf4 Qa5 18. Nf2 b5 19. O-O b4 20. Ncd1 Qc7 21. Ne3 Nh7 22. Rac1 Nc6 23. dxc6 Be5 24. Nd5 Bxf4 25. Nxc7 Bxc1 26. Rxc1 Re7 27. Nd5 Re8 28. Nc7 Re7 29. Bf4 Rxc7 30. Bxd6 Rb6 31. Bxc7 Rxc6 32. Ba5 Bd7 33. b3 Nf8 34. Nd3 Ne6 35. Ne5 Rd6 36. Nc4 Rc6 37. Nb6 Nd4 38. Bc4 Be6 39. Nd5 Bxd5 40. exd5 Rd6 41. Bc7 Rxd5 42. Bxd5 Ne2+ 43. Kf2 Nxc1 44. Bd6 Kg7 45. Ke3 Na2 46. Bxc5 1-0

[Event "University of Alberta op"]
[Site "Edmonton CAN"]
[Date "2005.05.07"]
[Round "1"]
[White "Yearwood, Roy"]
[Black "Karmali, Hafiz"]
[Result "1-0"]
[WhiteElo "2117"]
[BlackElo "1871"]
[PlyCount "85"]
[GameId "2160767910968490"]
[EventDate "2005.05.07"]
[EventType "swiss"]
[EventRounds "5"]
[EventCountry "CAN"]
[SourceTitle "CBM 106 Extra"]
[Source "ChessBase"]
[SourceDate "2005.07.01"]
[SourceVersion "1"]
[SourceVersionDate "2005.07.01"]
[SourceQuality "1"]

1. e4 c5 2. Nf3 a6 3. Bd3 b5 4. c4 b4 5. Bc2 g6 6. a3 Nc6 7. axb4 Nxb4 8. Nc3 Bg7 9. O-O Nxc2 10. Qxc2 d6 11. h3 Nf6 12. d4 cxd4 13. Nxd4 Bb7 14. Rd1 O-O 15. Be3 Qc7 16. b3 e6 17. Rac1 Rac8 18. Qb1 Rfd8 19. f3 Qa5 20. Qb2 Qh5 21. Nde2 d5 22. Nf4 Qh4 23. exd5 exd5 24. Qf2 Qxf2+ 25. Bxf2 dxc4 26. Rxd8+ Rxd8 27. bxc4 Bh6 28. Nce2 g5 29. Rb1 Rd7 30. Bd4 Ne8 31. Nh5 f5 32. Rb6 Bf8 33. Re6 Kf7 34. Re5 Kg6 35. Rxe8 Rxd4 36. Nxd4 Bc5 37. Rd8 Kxh5 38. Kf1 Kg6 39. Ne6 Be3 40. Rb8 Bc6 41. Ke2 f4 42. Kd3 h5 43. Nd4 1-0

[Event "University of Alberta op"]
[Site "Edmonton CAN"]
[Date "2005.05.07"]
[Round "2"]
[White "Bertrand, Daryl"]
[Black "Siwila, Gift"]
[Result "1-0"]
[WhiteElo "2010"]
[BlackElo "1627"]
[PlyCount "109"]
[GameId "2160767910968491"]
[EventDate "2005.05.07"]
[EventType "swiss"]
[EventRounds "5"]
[EventCountry "CAN"]
[SourceTitle "CBM 106 Extra"]
[Source "ChessBase"]
[SourceDate "2005.07.01"]
[SourceVersion "1"]
[SourceVersionDate "2005.07.01"]
[SourceQuality "1"]

1. e4 e5 2. Nf3 Nc6 3. Bc4 Bc5 4. b4 Bxb4 5. c3 Ba5 6. Qb3 Qf6 7. d4 Nxd4 8. Nxd4 exd4 9. O-O dxc3 10. e5 Qg6 11. Nxc3 Bxc3 12. Qxc3 Ne7 13. Ba3 b6 14. Bd3 Qc6 15. Qb4 Nd5 16. Qg4 Bb7 17. Rac1 Qh6 18. Rfd1 O-O-O 19. Qc4 Kb8 20. Be4 c6 21. Bd6+ Nc7 22. Qxf7 Kc8 23. Be7 Qe6 24. Qxe6 Nxe6 25. Bxd8 Kxd8 26. Bxc6 Bxc6 27. Rxc6 Ke7 28. Rc2 Rf8 29. Rcd2 Nc5 30. g3 g5 31. Rd6 Rf5 32. Rh6 Rxe5 33. Rxh7+ Ke6 34. Kf1 b5 35. h4 a6 36. h5 g4 37. h6 Rh5 38. Rd4 Rg5 39. Rg7 Rxg7 40. hxg7 Kf7 41. Rxg4 Kg8 42. f4 Ne4 43. f5 Nf6 44. Rg6 Ne8 45. f6 Nd6 46. Rh6 Nf7 47. Rh5 d6 48. g4 b4 49. g5 a5 50. g6 a4 51. gxf7+ Kxf7 52. Rh8 b3 53. g8=Q+ Kxf6 54. axb3 a3 55. b4 1-0

[Event "University of Alberta op"]
[Site "Edmonton CAN"]
[Date "2005.05.07"]
[Round "2"]
[White "Bullerkist, Caitlin"]
[Black "MacKinnon, Don"]
[Result "1-0"]
[WhiteElo "1058"]
[BlackElo "1276"]
[PlyCount "69"]
[GameId "2160767910968492"]
[EventDate "2005.05.07"]
[EventType "swiss"]
[EventRounds "5"]
[EventCountry "CAN"]
[SourceTitle "CBM 106 Extra"]
[Source "ChessBase"]
[SourceDate "2005.07.01"]
[SourceVersion "1"]
[SourceVersionDate "2005.07.01"]
[SourceQuality "1"]

1. e4 e5 2. Nf3 Nc6 3. Bc4 Qe7 4. O-O Nf6 5. Nc3 g6 6. d3 Bg7 7. Bg5 O-O 8. Nd5 Qd8 9. Qd2 d6 10. h3 Ne7 11. Nxf6+ Bxf6 12. Bxf6 Nc6 13. Bxd8 Rxd8 14. Bd5 Ne7 15. Qg5 Re8 16. Qf6 Be6 17. Bxe6 fxe6 18. Qxe6+ Kg7 19. Qg4 Rf8 20. d4 c5 21. dxe5 d5 22. exd5 Nxd5 23. Qd7+ Ne7 24. Qxe7+ Rf7 25. Qxc5 Raf8 26. Qd5 Rxf3 27. gxf3 Rf5 28. Qxb7+ Kh6 29. Qe7 Rg5+ 30. Qxg5+ Kxg5 31. Rae1 Kh4 32. e6 h5 33. e7 a5 34. e8=Q a4 35. Qxg6 1-0

[Event "University of Alberta op"]
[Site "Edmonton CAN"]
[Date "2005.05.07"]
[Round "2"]
[White "Karmali, Hafiz"]
[Black "Procyshyn, Jeff"]
[Result "1-0"]
[WhiteElo "1871"]
[BlackElo "1257"]
[PlyCount "45"]
[GameId "2160767910968494"]
[EventDate "2005.05.07"]
[EventType "swiss"]
[EventRounds "5"]
[EventCountry "CAN"]
[SourceTitle "CBM 106 Extra"]
[Source "ChessBase"]
[SourceDate "2005.07.01"]
[SourceVersion "1"]
[SourceVersionDate "2005.07.01"]
[SourceQuality "1"]

1. e4 Nf6 2. e5 Nd5 3. d4 d6 4. exd6 exd6 5. Nf3 Be7 6. Bc4 Nb6 7. Bd3 f5 8. O-O O-O 9. Re1 Kh8 10. c4 f4 11. Nc3 c6 12. h3 Bd7 13. Bd2 Na6 14. a3 Bf5 15. Qc2 Bxd3 16. Qxd3 Nd7 17. Re4 d5 18. cxd5 Nf6 19. Rxf4 Bd6 20. Rh4 Qb6 21. Bg5 h6 22. Bxh6 gxh6 23. Rxh6+ 1-0

[Event "University of Alberta op"]
[Site "Edmonton CAN"]
[Date "2005.05.07"]
[Round "2"]
[White "MacKinnon, Keith"]
[Black "Kazakevich, Alexander"]
[Result "0-1"]
[WhiteElo "1591"]
[BlackElo "1591"]
[PlyCount "120"]
[GameId "2160767910968496"]
[EventDate "2005.05.07"]
[EventType "swiss"]
[EventRounds "5"]
[EventCountry "CAN"]
[SourceTitle "CBM 106 Extra"]
[Source "ChessBase"]
[SourceDate "2005.07.01"]
[SourceVersion "1"]
[SourceVersionDate "2005.07.01"]
[SourceQuality "1"]

1. e4 d5 2. exd5 Qxd5 3. Nc3 Qa5 4. d4 Nf6 5. Nf3 Ne4 6. Bd2 Nxd2 7. Nxd2 Nc6 8. Nb3 Qg5 9. Qd2 Qxd2+ 10. Kxd2 Bf5 11. Bb5 Bd7 12. d5 Ne5 13. Rae1 Ng6 14. Bxd7+ Kxd7 15. Nc5+ Kc8 16. Re4 e6 17. Nd3 Kd7 18. dxe6+ fxe6 19. Rhe1 Re8 20. Nb5 Bd6 21. Nd4 e5 22. Nf3 Rhf8 23. Ke2 Nf4+ 24. Kf1 Nxd3 25. cxd3 Rf5 26. d4 Ref8 27. dxe5 Bc5 28. b4 Bb6 29. e6+ Ke7 30. Rd1 Rd8 31. Rxd8 Kxd8 32. e7+ Ke8 33. Nd4 Rf6 34. Ne6 Rxf2+ 35. Ke1 Rf7 36. Ng5 Rxe7 37. Rxe7+ Kxe7 38. Nxh7 Be3 39. h4 Kf7 40. Ke2 Bc1 41. a4 Kg8 42. Ng5 Bxg5 43. hxg5 Kf7 44. Ke3 a6 45. Kd4 Ke6 46. Ke4 g6 47. g3 b6 48. Kd4 c6 49. a5 bxa5 50. bxa5 Kd6 51. Kc4 c5 52. Kc3 Kd5 53. Kd3 c4+ 54. Kc3 Kc5 55. g4 Kb5 56. Kd4 Kb4 57. Ke5 c3 58. Kf6 c2 59. Kxg6 c1=Q 60. Kf6 Qf4+ 0-1